Pustí krávy ze řetězu?
Nízke výkupné ceny mlieka a hroziaca choroba BSE, to sú faktory, ktoré môžu ovplyvniť budúcnosť živočíšnej výroby. Vplyvy spotreby mlieka na produkciu. Porovnanie rastu cien poľnohospodárskych výrobcov mlieka a spotrebiteľských cien.
Gespeichert in:
| 1. Verfasser: | |
|---|---|
| Format: | Buchkapitel |
| Sprache: | Tschechisch |
| Schlagworte: | |
| Tags: |
Keine Tags, Fügen Sie das erste Tag hinzu!
|
MARC
| LEADER | 00000naa a2200000 4500 | ||
|---|---|---|---|
| 001 | r042184 | ||
| 005 | 20231004065613.3 | ||
| 041 | 0 | |a cze | |
| 044 | |a CZ | ||
| 245 | 1 | 0 | |a Pustí krávy ze řetězu? |c Renáta Dalrymple |
| 520 | |a Nízke výkupné ceny mlieka a hroziaca choroba BSE, to sú faktory, ktoré môžu ovplyvniť budúcnosť živočíšnej výroby. Vplyvy spotreby mlieka na produkciu. Porovnanie rastu cien poľnohospodárskych výrobcov mlieka a spotrebiteľských cien. | ||
| 610 | 2 | 0 | |a výroba poľnohospodárska |
| 610 | 2 | 0 | |a mlieko |
| 610 | 2 | 0 | |a produkcia |
| 610 | 2 | 0 | |a chov zvierat |
| 610 | 2 | 0 | |a ceny spotrebiteľské |
| 610 | 2 | 0 | |a výrobky poľnohospodárske |
| 610 | 2 | 0 | |a výrobky živočíšne |
| 610 | 2 | 0 | |a Európska únia |
| 100 | 1 | |a Dalrymple, Renáta | |